[Event "Helsinki PC-SuperSto"]
[Site "Helsinki"]
[Date "1995.??.??"]
[Round "?"]
[White "Kochyev, Alexander"]
[Black "Sepp, Olav"]
[Result "1/2-1/2"]
[WhiteElo "2455"]
[BlackElo "2460"]

1.Nf3 Nf6 2.c4 g6 3.d4 Bg7 4.g3 O-O 5.Bg2 d6 6.O-O c6 7.Nc3 Qa5 8.h3 Be6
9.d5 cxd5 10.Nd4 dxc4 11.Nxe6 fxe6 12.Bxb7 Nbd7 13.Bxa8 Rxa8 14.Qa4 Qxa4
15.Nxa4  1/2-1/2

[Event "Hillerod Politiken"]
[Site "Hillerod"]
[Date "1995.??.??"]
[Round "9"]
[White "Danielsen, Henrik"]
[Black "Jansa, Vlastimil"]
[Result "1-0"]
[WhiteElo "2430"]
[BlackElo "2525"]

1.d4 d6 2.g3 g6 3.Bg2 Bg7 4.Nf3 Nf6 5.c4 O-O 6.Nc3 c6 7.O-O Bf5 8.Ne1 Qd7
9.e4 Bh3 10.Nd3 Bxg2 11.Kxg2 Na6 12.Bg5 b5 13.cxb5 cxb5 14.f3 Rfc8 15.Qd2 Rc4
16.b3 Rc7 17.Bxf6 exf6 18.Nd5 Rb7 19.Rac1 Nc7 20.Nxc7 Rxc7 21.Rxc7 Qxc7 22.Rc1 Qb6
23.Nb4 f5 24.exf5 Qxd4 25.Qxd4 Bxd4 26.fxg6 hxg6 27.Nd5 a5 28.f4 Kg7 29.Kf3 b4
30.Ke4 Bc5 31.Rc2 a4 32.Kd3 axb3 33.axb3 Ra1 34.Kc4 Rd1 35.Nc7 Rd4+ 36.Kb5 Rd3
37.Ka4 Rc3 38.Ra2 Rd3 39.Na6 Rd1 40.Rc2 Ra1+ 41.Kb5 Rb1 42.Kc4 Kf6 43.Nxb4 Kf5
44.Na2 Kg4 45.Nc3 Rf1 46.Ne4 Ba3 47.Ra2 Kf5 48.Nc3 Bc5 49.b4 Bg1 50.b5 Kg4
51.Rb2 Kh3 52.Ne4 Bxh2 53.b6 Rc1+ 54.Kd5 Rc8 55.b7 Rb8 56.Kxd6 Bxg3 57.Rb3 Rxb7
58.Rxb7 Bxf4+ 59.Kd5 f5 60.Nf2+ Kg2 61.Nd3 Bg3 62.Rf7 Kf3 63.Ne5+ Ke3 64.Nxg6 f4
65.Ne5 Be1 66.Rb7  1-0

[Event "Hofheim MT"]
[Site "Hofheim"]
[Date "1995.??.??"]
[Round "5"]
[White "Heck, Norbert"]
[Black "Kopp, Peter"]
[Result "1-0"]
[WhiteElo "2315"]
[BlackElo "2135"]

1.d4 Nf6 2.Nf3 g6 3.c4 Bg7 4.g3 O-O 5.Bg2 d6 6.O-O Nbd7 7.Nc3 e5 8.e4 c6
9.h3 Qb6 10.c5 dxc5 11.dxe5 Ne8 12.e6 fxe6 13.Ng5 Bxc3 14.bxc3 Ne5 15.f4 c4+
16.Kh2 Nd3 17.Ba3 c5 18.Qa4 Nb2 19.Bxb2 Qxb2 20.Qxc4 b6 21.Rab1 Qa3 22.e5 Nc7
23.Rfd1 Ba6 24.Qb3 Qxb3 25.axb3 Rad8 26.c4 Bc8 27.Ne4 Rxd1 28.Rxd1 Kf7 29.h4 Ke7
30.Nd6 Bd7 31.Kh3 Rg8 32.Kg4 h6 33.Ne4 Ne8 34.Nf6  1-0

[Event "EU-ch U20"]
[Site "Holon"]
[Date "1995.??.??"]
[Round "8"]
[White "Gasimov, Ragim"]
[Black "Sutovskij, Emil"]
[Result "0-1"]
[WhiteElo "2420"]
[BlackElo "2545"]

1.Nf3 Nf6 2.d4 g6 3.c4 Bg7 4.g3 O-O 5.Bg2 d6 6.O-O Nbd7 7.Nc3 e5 8.Qc2 c6
9.b3 Re8 10.Rd1 Qe7 11.e4 exd4 12.Nxd4 Nc5 13.f3 Bd7 14.Ba3 Rad8 15.Rd2 h5
16.b4 Ne6 17.Nde2 h4 18.Rad1 Nh5 19.b5 hxg3 20.hxg3 Qg5 21.Bxd6 Bc8 22.f4 Qg4
23.Kf2 Nxg3 24.Nxg3 Rxd6 25.Rxd6 Qxf4+ 26.Bf3 Ng5 27.Qd3 Qh4 28.Rh1 Nh3+
29.Rxh3 Bxh3 30.bxc6 Be5 31.Ne2 bxc6 32.Rxc6 Rd8 33.Qc2 Bd7 34.Rc5 Qh2+ 35.Ke3 Bxg3
36.Rd5 Qf2+ 37.Kd3  0-1

[Event "EU-ch U20"]
[Site "Holon"]
[Date "1995.??.??"]
[Round "9"]
[White "Czebe, Attila"]
[Black "Rowson, Jonathan"]
[Result "0-1"]
[WhiteElo "2340"]
[BlackElo "2400"]

1.d4 Nf6 2.c4 g6 3.g3 Bg7 4.Bg2 O-O 5.Nf3 d6 6.O-O Nbd7 7.d5 e5 8.dxe6 fxe6
9.Nc3 Qe7 10.Qc2 a6 11.h3 Rb8 12.Rd1 Nh5 13.Be3 Ne5 14.Ne4 b6 15.Bd4 Nxf3+
16.Bxf3 Bxd4 17.Rxd4 e5 18.Rdd1 Bxh3 19.Bxh5 gxh5 20.Qd2 Kh8 21.Qg5 Qf7 22.Qe3 Qg6
23.Kh2 Bd7 24.f3 Rg8 25.Rg1 Bc6 26.Nf2 Rbf8 27.Rac1 Qf6 28.b4 Rf7 29.c5 bxc5
30.bxc5 d5 31.Nd3 Re8 32.Nb4 Rg7 33.Nxc6 Qxc6 34.Rg2 Qe6 35.Kg1 d4 36.Qd2 Qf6
37.Rd1 Reg8 38.Kf2 h4 39.Rh1 e4  0-1

[Event "HUN-chT1"]
[Site "HUN"]
[Date "1995.??.??"]
[Round "?"]
[White "Navarovszky, Laszlo"]
[Black "Ozsvath, Andras"]
[Result "1/2-1/2"]
[WhiteElo "2295"]
[BlackElo "2290"]

1.d4 Nf6 2.c4 g6 3.Nf3 Bg7 4.g3 O-O 5.Bg2 d6 6.Nc3 Nbd7 7.O-O e5 8.Qc2 c6
9.Rd1 Re8 10.dxe5 dxe5  1/2-1/2

[Event "HUN-chT1"]
[Site "HUN"]
[Date "1995.??.??"]
[Round "?"]
[White "Szilagyi, Peter"]
[Black "Peter, Ambrus"]
[Result "1-0"]
[WhiteElo "2400"]
[BlackElo "2335"]

1.Nf3 Nf6 2.c4 g6 3.d4 Bg7 4.g3 O-O 5.Bg2 d6 6.O-O Nc6 7.Nc3 a6 8.h3 Rb8
9.e4 b5 10.e5 dxe5 11.dxe5 Qxd1 12.Rxd1 Nd7 13.e6 fxe6 14.cxb5 axb5 15.Be3 Nb6
16.Ng5 Ne5 17.Bc5 h6 18.Nge4 b4 19.Bxb4 Nd5 20.Bc5 Rxb2 21.Rab1 Rxb1 22.Rxb1 Nxc3
23.Nxc3 Nd3 24.Bxe7 Re8 25.Ba3 Bxc3 26.Rb3 Nxf2 27.Rxc3 Rd8 28.Kxf2 Rd2+
29.Kg1 Rxa2 30.Bc1 g5 31.Rxc7 Ba6 32.Be4 Re2 33.Bf3 Ra2 34.Ra7 Ra1 35.Kf2 Rxc1
36.Rxa6 Rc2+ 37.Ke3 Rc3+ 38.Ke4 Kf7 39.Rd6 Kf6 40.Rd3 Rc4+ 41.Rd4 Rc3 42.Rd3 Rc4+
43.Ke3 Rc1 44.Bg4 Rh1 45.Kf2 Ra1 46.Rf3+ Ke7 47.Bh5 Ra2+ 48.Kg1 Ra1+ 49.Kg2 Ra2+
50.Rf2 Ra3 51.Rf7+ Kd6 52.Rh7 Ra2+ 53.Kf3  1-0

[Event "HUN-chT1"]
[Site "HUN"]
[Date "1995.??.??"]
[Round "?"]
[White "Czebe, Attila"]
[Black "Vadasz, Laszlo"]
[Result "0-1"]
[WhiteElo "2430"]
[BlackElo "2365"]

1.d4 Nf6 2.c4 g6 3.g3 Bg7 4.Bg2 O-O 5.Nf3 d6 6.O-O Nc6 7.Nc3 a6 8.d5 Na5
9.Nd2 c5 10.Qc2 Rb8 11.b3 b5 12.Bb2 Bh6 13.f4 bxc4 14.bxc4 e5 15.Rab1 exf4
16.gxf4 Nh5 17.Nce4 Bf5 18.e3 Re8 19.Bc3 Rxb1 20.Rxb1 Bxe4 21.Bxe4 Bg7 22.Bf3 Rxe3
23.Bxa5 Qxa5 24.Rb8+ Bf8 25.Bxh5 Qc7 26.Qb2 Qe7 27.Bf3 Qh4 28.Kg2 Qxf4 29.Rb3 Bg7
30.Qc2 Qg5+ 31.Kf1 Re8 32.Ne4 Qf4 33.Qd2  0-1

[Event "HUN-chT1"]
[Site "HUN"]
[Date "1995.??.??"]
[Round "?"]
[White "Kiss, Attila"]
[Black "Poor, Istvan"]
[Result "1-0"]
[WhiteElo "2380"]
[BlackElo "2305"]

1.d4 g6 2.c4 Bg7 3.Nf3 d6 4.g3 Nf6 5.Bg2 O-O 6.O-O Nc6 7.d5 Na5 8.Nbd2 c5
9.Ne1 e5 10.a3 b6 11.b4 Nb7 12.e4 Nh5 13.Bb2 Qe8 14.Nd3 f5 15.f4 exf4 16.Bxg7 Kxg7
17.Nxf4 Nxf4 18.Rxf4 g5 19.Rf2 cxb4 20.axb4 a5 21.Nf3 Qxe4 22.Nxg5 Qe5 23.Re2 Qf6
24.Ne6+ Bxe6 25.Rxe6 Qd8 26.Qd4+ Kg8 27.Rae1 Rf7 28.Bf3 Qg5 29.Qxb6 axb4
30.Qxb4 Nc5 31.Qc3 f4 32.Kh1 Rg7 33.gxf4 Qxf4 34.Re8+ Rxe8 35.Rxe8+ Kf7 36.Bh5+ Rg6
37.Qe1 Kg7 38.Bxg6 Qf3+ 39.Kg1 Qg4+ 40.Qg3 Qd4+ 41.Qf2 Qg4+ 42.Kh1  1-0

[Event "HUN-chT1"]
[Site "HUN"]
[Date "1995.??.??"]
[Round "?"]
[White "Korpics, Zsolt"]
[Black "Horvath, Peter"]
[Result "0-1"]
[WhiteElo "2315"]
[BlackElo "2390"]

1.d4 Nf6 2.c4 g6 3.Nf3 Bg7 4.g3 d6 5.Bg2 O-O 6.Nc3 Nc6 7.O-O a6 8.Bd2 Bd7
9.Rc1 Rb8 10.d5 Na5 11.Nb1 c5 12.Qe1 b6 13.e4 e5 14.dxe6 Bxe6 15.b3 Re8 16.Bxa5 bxa5
17.Nc3 Bd7 18.Qd2 Bc6 19.Rcd1 Bf8 20.e5 Bxf3 21.Bxf3 Rxe5 22.Nd5 Nxd5 23.Bxd5 Bg7
24.Bg2 Re6 25.Bh3 Re7 26.Bg2 Bd4 27.Bd5 a4 28.Qd3 Qe8 29.Rd2 a3 30.b4 Rxb4
31.Qxa3 Qa4 32.Qf3 Rxc4 33.Re2 Be5 34.Bxc4 Qxc4 35.Kg2 Kg7 36.Rd1 h5 37.Qd3 Qxd3
38.Rxd3 Rc7 39.f4 Bd4 40.Red2 Rb7 41.Rb3 Rb5 42.Kf3 Kf6 43.Rxb5 axb5 44.a4 bxa4
45.Ra2 Ke6 46.Ke4 d5+ 47.Kd3 Bg1 48.h3 c4+ 49.Kc3 Kf5 50.Rxa4 Bf2 51.Ra6 Bxg3
52.Kd4 Bxf4 53.Ra5 Be5+ 54.Kxd5 c3 55.Ra2 Bf4 56.Rf2 g5 57.Kd4 g4 58.hxg4+ hxg4
59.Kd3 g3 60.Rf1 Kg4 61.Kxc3 g2 62.Rd1 Be3  0-1

[Event "HUN-chT1"]
[Site "HUN"]
[Date "1995.??.??"]
[Round "?"]
[White "Lengyel, Ferenc"]
[Black "Csapo, Zoltan"]
[Result "0-1"]
[WhiteElo "2315"]
[BlackElo "2290"]

1.d4 Nf6 2.c4 g6 3.Nf3 Bg7 4.g3 O-O 5.Bg2 d6 6.O-O Na6 7.Nc3 c5 8.e4 cxd4
9.Nxd4 Bg4 10.f3 Bd7 11.Be3 Rc8 12.b3 Nc5 13.Qd2 a6 14.Rfd1 Re8 15.Rac1 Qa5
16.Nd5 Qxd2 17.Rxd2 Nxd5 18.cxd5 a5 19.Rdd1 Rc7 20.Bf1 b6 21.Nb5 Rb7 22.Bc4 h5
23.Kg2 Bc8 24.a3 a4 25.b4 Nb3 26.Rc2 Bd7 27.Be2 f5 28.Nd4 fxe4 29.fxe4 b5
30.h3 Rc8 31.Rxc8+ Bxc8 32.Nxb5 Bd7 33.Nd4 Rc7 34.Ne6 Rc2 35.Kf3 Bb2 36.b5 Bxa3
37.b6 Na5 38.Ba6 Rc3 39.Kf2 Bxe6 40.dxe6 Bb2 41.Rd5 Rc2+ 42.Kf3 Bc3 43.Bd4 a3
44.Bxc3 Rxc3+ 45.Kf2 Nc6 46.b7 Rb3 47.Rd2 Rb6 48.Rc2 Nb4 49.Rc8+ Kg7 50.Bc4 Rxb7
51.Ra8 Rc7 52.Bb3 a2 53.Ke2 Rc1  0-1

[Event "HUN-chT1"]
[Site "HUN"]
[Date "1995.??.??"]
[Round "?"]
[White "Peter, Ambrus"]
[Black "Szekeres, Tibor"]
[Result "0-1"]
[WhiteElo "2335"]
[BlackElo "2215"]

1.d4 Nf6 2.c4 d6 3.Nf3 g6 4.g3 Bg7 5.Bg2 O-O 6.O-O Nbd7 7.Nc3 e5 8.h3 c6
9.e4 Re8 10.Re1 a6 11.Be3 h6 12.Qc2 b6 13.b4 Bb7 14.d5 cxd5 15.cxd5 Rc8 16.Nd2 Nh5
17.Rac1 Rf8 18.Bf3 Nf4 19.Kh2 f5 20.exf5 gxf5 21.Ndb1 Ng6 22.Bg2 e4 23.Qd1 Nde5
24.Qh5 f4 25.gxf4 Nxf4 26.Bxf4 Rxf4 27.Rxe4 Rxf2 28.Rf1 Rxf1 29.Bxf1 Qf6
30.Bg2 Rf8 31.Ne2 Qf2 32.Ng1 Bxd5 33.Re2 Qf4+ 34.Kh1 Bf7  0-1

[Event "HUN-chT2 9495"]
[Site "HUN"]
[Date "1995.??.??"]
[Round "?"]
[White "Somogyi, Istvan"]
[Black "Mihalko, Jozsef"]
[Result "1-0"]
[WhiteElo "2270"]
[BlackElo "2350"]

1.d4 Nf6 2.Nf3 g6 3.c4 Bg7 4.g3 O-O 5.Bg2 d6 6.Nc3 Nc6 7.O-O a6 8.d5 Na5
9.b3 c5 10.dxc6 Ne4 11.c7 Qxc7 12.Nd5 Qd8 13.Nd4 Nf6 14.Bg5 Nxd5 15.cxd5 h6
16.Be3 e5 17.dxe6 fxe6 18.Qd2 Kh7 19.Rac1 d5 20.Rxc8 Qxc8 21.Qxa5 e5 22.Nf3 d4
23.Bc1 e4 24.Nd2 e3 25.Nc4 exf2+ 26.Rxf2 Rxf2 27.Kxf2 b5 28.Bxa8 Qxa8 29.Nd2 d3
30.Qc7 Kh8 31.Nf3 dxe2 32.Kxe2 Qe4+ 33.Be3 Qb1 34.Qc8+ Kh7 35.Qxa6 b4 36.Kf2 Qc2+
37.Qe2 Qf5 38.Kg2 Qe4 39.Kf2 Qf5 40.Qc4 Qa5 41.Qc2 Qd5 42.Nh4 Qf7+ 43.Ke2 Bf6
44.Nxg6 Kg7 45.Nf4 Kh8 46.Qf5  1-0

[Event "HUN-chT2 9495"]
[Site "HUN"]
[Date "1995.??.??"]
[Round "?"]
[White "Husek, Zdenek"]
[Black "Toth, Gabor"]
[Result "1/2-1/2"]
[WhiteElo "2270"]
[BlackElo "2070"]

1.d4 Nf6 2.c4 g6 3.Nf3 Bg7 4.g3 d6 5.Bg2 O-O 6.O-O Nbd7 7.Bf4 Nh5 8.Bg5 h6
9.Be3 e5 10.Qd2 Kh7 11.dxe5 dxe5 12.Rd1 f5 13.Nc3 c6 14.Bc5 Re8 15.e4 Qf6
16.Ba3 Nb6 17.b3 Be6 18.Qe2 f4 19.Nh4 Bf8 20.c5 Nd7 21.Rac1 b6 22.b4 a5 23.b5 Nxc5
24.Bb2 Bd7 25.Na4 Nxa4 26.Rxd7+ Ng7 27.Rxc6 Re6 28.Bh3 Rxc6 29.bxc6 Qxc6
30.Bxe5 fxg3 31.hxg3 Nc5 32.Rc7 Qxe4 33.Qxe4 Nxe4 34.Nf5 gxf5 35.Bxf5+ Kh8
36.Bxe4 Re8 37.f4 Kg8 38.Kg2 Re7 39.Rc6 b5 40.Rb6 b4 41.Ra6 Ne8 42.Rxa5 Bg7
43.Kf3 Nf6 44.Bg6 Nd7 45.Ra8+ Bf8 46.Bd4 Re6 47.Bc2 Rd6 48.Bb3+ Kh7 49.Ke3 Kg6
50.Bc2+ Kf7 51.Ra7 Rxd4 52.Kxd4 Bc5+ 53.Kc4 Bxa7 54.Kxb4 Nf6 55.Bd1 Bf2 56.g4 Nd5+
57.Kc4 Nxf4 58.a4 Kf6 59.a5 Kg5 60.a6 Ng6 61.Kd3 Kf4 62.Ke2 Kg3 63.Kf1 Ne5
64.Be2 Nf3 65.Bb5 Nh2+ 66.Ke2 Nxg4 67.Be8 Nf6 68.Bc6 h5 69.Kf1 h4 70.Ke2  1/2-1/2

[Event "HUN-chT2 9495"]
[Site "HUN"]
[Date "1995.??.??"]
[Round "?"]
[White "Husek, Zdenek"]
[Black "Meszaros, Andras"]
[Result "0-1"]
[WhiteElo "2270"]
[BlackElo "2310"]

1.d4 Nf6 2.c4 g6 3.Nf3 Bg7 4.g3 O-O 5.Bg2 d6 6.O-O Nbd7 7.Nc3 e5 8.dxe5 dxe5
9.Bg5 h6 10.Be3 c6 11.h3 Qe7 12.Qc1 Kh7 13.Nd2 Ne8 14.c5 f5 15.Nc4 Nxc5 16.b4 Ne6
17.Qa3 N8c7 18.Bc5 Nxc5 19.bxc5 e4 20.Nd6 b5 21.Rad1 a5 22.Qc1 Be6 23.Rd2 Qf6
24.Rc2 Qe5 25.e3 Na6 26.Ne2 Nb4 27.Rd2 Nxa2 28.Qe1 Qxc5 29.Nf4 Bg8 30.Nxe4 fxe4
31.Bxe4 Rxf4 32.exf4 Nc3 33.Rd7 a4 34.g4 Qc4 35.Bxg6+ Kxg6 36.f5+ Kh7 37.f6 Ne2+
38.Kh1 Bd5+ 39.f3 Ng3+ 40.Kg2 Qxf1+ 41.Qxf1 Nxf1 42.Kxf1 a3  0-1

[Event "HUN-chT2 9495"]
[Site "HUN"]
[Date "1995.??.??"]
[Round "?"]
[White "Husek, Zdenek"]
[Black "Kozma, Karoly"]
[Result "0-1"]
[WhiteElo "2270"]
[BlackElo "2340"]

1.d4 Nf6 2.c4 g6 3.Nf3 Bg7 4.g3 O-O 5.Bg2 d6 6.O-O Nc6 7.d5 Na5 8.Nfd2 c5
9.a3 Nd7 10.Ra2 Ne5 11.Qc2 Bg4 12.Re1 b5 13.h3 Bd7 14.b3 bxc4 15.bxc4 Qc8
16.f4 Bf5 17.e4 Bxh3 18.fxe5 Bxe5 19.Nf1 Qg4 20.Bb2 f6 21.Qd3 Rab8 22.Bxe5 fxe5
23.Nbd2 Rf6 24.Nh2 Qd7 25.Qe3 Rbf8 26.Rb2 h5 27.Rb5 Nxc4 28.Bxh3 Qxh3 29.Nxc4 Rf2
30.Qxf2 Rxf2 31.Kxf2 Qxh2+ 32.Kf3 g5 33.Ne3 g4+ 34.Nxg4 hxg4+ 35.Kxg4 Qd2
36.Reb1 Qd3 37.Rb8+ Kf7 38.Re1 c4 39.Rbb1 Qxa3 40.Rf1+ Kg6 41.Rb8 Qd3 42.Re1 c3
43.Rbb1 a5 44.Ra1 c2 45.Rac1 a4 46.Ra1 a3 47.Rac1 Kf7 48.Kh5 Qxg3 49.Ra1 Ke8
50.Rac1 Kd7 51.Kh6 Qg2 52.Kh5 Kc7 53.Rg1 Qd2 54.Rge1 Kb6 55.Kg6 Qf2 56.Rf1 Qg2+
57.Kf7 Qxe4 58.Kxe7 Kc5 59.Kd7 Kxd5 60.Rf2 Qa4+  0-1

[Event "HUN-chT2 9495"]
[Site "HUN"]
[Date "1995.??.??"]
[Round "?"]
[White "Gyorkos, Lajos"]
[Black "Hazai, Laszlo"]
[Result "1/2-1/2"]
[WhiteElo "2405"]
[BlackElo "2475"]

1.d4 Nf6 2.c4 g6 3.Nf3 Bg7 4.g3 O-O 5.Bg2 d6 6.O-O Nc6 7.Nc3 e5 8.dxe5 Nxe5
9.Nxe5 dxe5 10.Bg5 Qxd1  1/2-1/2

[Event "HUN-chT2 9596"]
[Site "HUN"]
[Date "1995.??.??"]
[Round "2"]
[White "Horvath, Jozsef"]
[Black "Emodi, Gyula"]
[Result "1/2-1/2"]
[WhiteElo "2515"]
[BlackElo "2410"]

1.d4 Nf6 2.c4 g6 3.Nf3 Bg7 4.g3 O-O 5.Bg2 d6 6.O-O c6 7.Nc3 Qa5 8.e4 Bg4
9.h3 Bxf3 10.Bxf3 e5 11.d5 cxd5 12.cxd5 Nbd7 13.Be3 Rfc8 14.Rb1 Qd8 15.Qb3 b6
16.Rfc1 a6 17.a4 Nc5 18.Qd1 a5 19.b4 axb4 20.Rxb4 Nfd7 21.Be2 Qe7 22.Bb5 f5
23.Bxd7 Nxd7 24.Bxb6 Nxb6 25.Rxb6 Bh6 26.Rc2 f4 27.Rc6 fxg3 28.fxg3 Rf8 29.Kg2 Be3
30.Qg4 Kh8 31.Qe6 Qa7 32.Rxd6 Qd4 33.Rd7 Bd2 34.Rf7 Rxf7 35.Qxf7 Bxc3 36.Qf6+ Kg8
37.Qe6+ Kh8 38.Qf6+ Kg8 39.Qe6+  1/2-1/2

[Event "HUN-chT1 9596"]
[Site "HUN"]
[Date "1995.??.??"]
[Round "3"]
[White "Kiss, Attila"]
[Black "Petronic, Jovan"]
[Result "1/2-1/2"]
[WhiteElo "2380"]
[BlackElo "2450"]

1.d4 Nf6 2.c4 g6 3.Nf3 Bg7 4.g3 O-O 5.Bg2 d6 6.O-O c6 7.Nc3 Qa5 8.h3 Be6
9.Qd3 Qa6 10.b3 d5 11.Ne5 Rd8 12.Bb2 dxc4 13.Nxc4 Nbd7 14.Rfd1 Nb6 15.Nxb6 Qxd3
16.Rxd3 axb6 17.e4 Nd7 18.Rad1 f5 19.exf5 gxf5 20.d5 cxd5 21.Bxd5 Nc5 22.Bxe6+ Nxe6
23.Rxd8+ Rxd8 24.Rxd8+ Nxd8 25.Na4 Bxb2 26.Nxb2 Nc6 27.f4 Kf7 28.Kf2 h5 29.Ke3 Ke6
30.a4 Kd5 31.Nd3 Na5 32.Nc1 Nc6 33.Nd3 e6 34.Nc1 Nd4 35.Kd3 b5 36.axb5 Nxb5
37.Na2 Kc5 38.Nc1 Nd6 39.Ne2 Nb5 40.Ke3 Kb4 41.Nc1 Kc3 42.Nd3 b6 43.Ne5 Nc7
44.g4 Nd5+ 45.Kf3 fxg4+ 46.hxg4 hxg4+ 47.Nxg4 Kxb3 48.Ke4 b5 49.Ne5 Nf6+
50.Kd4 Ka3 51.Nd3 Nd7 52.Kc3 Ka4 53.Nb2+ Ka5 54.Nd3 Kb6 55.Kd4 Kc6 56.Nb4+ Kd6
57.Nd3 Nb8 58.Ke4 Nc6 59.f5 exf5+ 60.Kxf5 Kd5 61.Nf4+ Kd4 62.Ne2+ Kc4 63.Nf4 Kc3
64.Nd5+ Kd4 65.Ke6 Kc4 66.Kd6 Na5  1/2-1/2

[Event "HUN-chT1 9596"]
[Site "HUN"]
[Date "1995.??.??"]
[Round "4"]
[White "Horvath, Peter"]
[Black "Vigh, Bela"]
[Result "0-1"]
[WhiteElo "2365"]
[BlackElo "2370"]

1.d4 Nf6 2.Nf3 g6 3.c4 Bg7 4.g3 O-O 5.Bg2 d6 6.Nc3 Nc6 7.d5 Na5 8.Nd2 c5
9.O-O a6 10.Qc2 Rb8 11.b3 b5 12.Bb2 e5 13.e3 Bf5 14.e4 Bd7 15.Nd1 Nh5 16.f4 bxc4
17.fxe5 cxb3 18.axb3 dxe5 19.Bc3 Nb7 20.Rf2 Bb5 21.Ne3 Nd6 22.Ba5 Qd7 23.Qxc5 Rfc8
24.Qa3 Bh6 25.Re1 f5 26.Bb4 f4 27.gxf4 Nf7 28.f5 Nf4 29.Ng4 Bg7 30.Re3 h5
31.fxg6 Ng5 32.h4 Qxg4 33.hxg5 Qxg5 34.Be7 Qg4 35.Kh2 Rb6 36.Rg3 Qd1 37.d6 Rc1
38.Nf1 Nxg2 39.d7 Bxd7 40.b4 Nf4 41.Qa5 Rxg6 42.Rxg6 Nxg6 43.Qxa6 Nxe7  0-1

[Event "ISR-NLD m rapid"]
[Site "Internet"]
[Date "1995.??.??"]
[Round "2"]
[White "Huzman, Alexander"]
[Black "Nijboer, Friso"]
[Result "1-0"]
[WhiteElo "2590"]
[BlackElo "2510"]

1.d4 Nf6 2.Nf3 g6 3.c4 Bg7 4.g3 O-O 5.Bg2 d6 6.O-O Nc6 7.Nc3 a6 8.b3 Rb8
9.Nd5 Bg4 10.Bb2 b5 11.Ne3 bxc4 12.Nxc4 Nd7 13.Ne1 Nb6 14.Ne3 Bd7 15.Rc1 Na7
16.Qd2 c5 17.dxc5 Bxb2 18.Qxb2 Na4 19.Qd2 Nxc5 20.b4 Na4 21.Nd3 e6 22.Nc4 Bb5
23.Na5 Qd7 24.a3 Rfc8 25.Rfd1 Rxc1 26.Rxc1 Rc8 27.h4 Rxc1+ 28.Qxc1 Qc8 29.Qe3 Qc7
30.h5 Nc3 31.h6 Nc8 32.Kh2 Ne7 33.Nc5 Nxe2 34.Nxe6 Qc1 35.Qxc1 Nxc1 36.Nc7 Ne2
37.Bb7 Nd4 38.Bxa6 Bxa6 39.Nxa6 Nc8 40.Nc4 d5 41.Ne3 Nb6 42.Nc7 Nb5 43.Nxb5  1-0

[Event "Katowice op"]
[Site "Katowice"]
[Date "1995.??.??"]
[Round "1"]
[White "Jasnikowski, Zbigniew"]
[Black "Slabek, Agnieszka"]
[Result "1-0"]
[WhiteElo "2425"]
[BlackElo "2105"]

1.d4 Nf6 2.c4 g6 3.Nf3 Bg7 4.g3 d6 5.Bg2 O-O 6.Nc3 c6 7.O-O Bf5 8.Qb3 Qb6
9.Re1 Ne4 10.Nh4 Nxc3 11.Nxf5 gxf5 12.bxc3 Qxb3 13.axb3 Nd7 14.Ba3 a6 15.Bh3 c5
16.Bxf5 e6 17.Be4 cxd4 18.Bxd6 Rfd8 19.cxd4 Bxd4 20.Rad1 Nc5 21.Bxc5 Bxc5
22.Bxb7 Rxd1 23.Rxd1 Rb8 24.Bxa6 Rxb3 25.Rd8+ Bf8 26.Rc8 Rc3 27.Bb5 Kg7 28.Rc7 Bd6
29.Rd7 Bc5 30.Kg2 Kg6 31.Rc7 Bd6 32.Rb7 Kf6 33.Be8 Be7 34.Rc7 e5 35.f4 exf4
36.gxf4 Re3 37.Kf2 Rh3 38.e4 Rxh2+ 39.Kg3 Rd2 40.e5+ Ke6 41.f5+ Kxf5 42.Rxe7 Rd3+
43.Kf2 h5 44.Bxf7 h4 45.Bd5 Kf4 46.e6  1-0

[Event "Katowice op"]
[Site "Katowice"]
[Date "1995.??.??"]
[Round "4"]
[White "Romanishin, Oleg M"]
[Black "Plunge, Gintautas"]
[Result "1-0"]
[WhiteElo "2595"]
[BlackElo "2175"]

1.d4 Nf6 2.Nf3 g6 3.g3 Bg7 4.Bg2 O-O 5.c4 d6 6.O-O c6 7.Nc3 Qa5 8.h3 Be6
9.d5 Bd7 10.e4 Na6 11.Re1 Nc7 12.Bd2 Qa6 13.b4 b5 14.dxc6 Bxc6 15.a4 Qb7
16.axb5 Bxe4 17.Nxe4 Nxe4 18.Ng5 f5 19.Nxe4 fxe4 20.Rxe4 d5 21.Rxe7 Qb6 22.Be3 d4
23.Rxg7+  1-0

[Event "Katowice op"]
[Site "Katowice"]
[Date "1995.??.??"]
[Round "8"]
[White "Rapoport, Igor"]
[Black "Zhelnin, Vladimir V"]
[Result "0-1"]
[WhiteElo "2280"]
[BlackElo "2440"]

1.d4 Nf6 2.c4 g6 3.Nf3 Bg7 4.g3 O-O 5.Bg2 d6 6.O-O c6 7.Nc3 a6 8.h3 b5 9.cxb5 axb5
10.b4 Na6 11.Rb1 Bf5 12.Rb2 Qd7 13.Ng5 Qc8 14.e4 Bd7 15.Kh2 e5 16.dxe5 dxe5
17.Be3 Nc7 18.Rd2 Ra3 19.Qc1 Ra6 20.Rfd1 Re8 21.Rd6 Ne6 22.Nxe6 Bxe6 23.Bg5 Ra7
24.Qe3 Qc7 25.Qc5 Rc8 26.Qe3 Nd7 27.Bh6 Raa8 28.Bxg7 Kxg7 29.f4 Nb6 30.Nxb5 cxb5
31.Rxb6 Rxa2 32.f5 Qc2 33.Rg1 Rc3 34.Qg5 f6 35.Qg4 Bf7 36.fxg6 hxg6 37.Rxb5 Qf2
38.Rb7 Rc1 39.Rxf7+ Kxf7 40.Qd7+ Kf8 41.Qd8+  0-1

[Event "Kemerovo2"]
[Site "Kemerovo"]
[Date "1995.??.??"]
[Round "1"]
[White "Permiakov, Vladimir"]
[Black "Nevostrujev, Vladimir"]
[Result "1-0"]
[WhiteElo "2330"]
[BlackElo "2410"]

1.c4 g6 2.d4 Bg7 3.Nf3 Nf6 4.g3 O-O 5.Bg2 d6 6.O-O Nbd7 7.Nc3 e5 8.e4 exd4
9.Nxd4 Re8 10.h3 Nc5 11.Re1 c6 12.Bf4 Ne6 13.Be3 Nxd4 14.Bxd4 Qa5 15.Rc1 Be6
16.b3 Rad8 17.Qd2 Nd7 18.Bxg7 Kxg7 19.Red1 f6 20.f4 Nc5 21.Kh2 Qc7 22.b4 Na6
23.Nd5 Qf7 24.Ne3 Bc8 25.a3 Nc7 26.Qc3 Kg8 27.Rd3 f5 28.Rcd1 Qf8 29.Qd2 fxe4
30.Rxd6 Rxd6 31.Qxd6 Re7 32.Qd8 Ne6 33.Qxf8+ Kxf8 34.h4 b6 35.f5 gxf5 36.Nxf5 Re8
37.Nd6 Rd8 38.Rf1+ Ke7 39.Nxc8+ Rxc8 40.Bxe4 h6 41.Bg6 Rf8 42.Rxf8 Kxf8 43.g4 Kg7
44.Be4 Kf6 45.Bxc6 Nd4 46.Ba4 Nf3+ 47.Kh3 Ke5 48.c5 bxc5 49.bxc5 Nd4 50.c6 Ne6
51.Bb3 Nc7 52.g5 hxg5 53.hxg5 Kd6 54.Bf7 Ke7 55.g6 Kf6 56.Kg4 a5 57.Kf3 Nb5
58.Ke3 a4 59.Kd3 Nd6 60.Kc3  1-0

[Event "Kemerovo2"]
[Site "Kemerovo"]
[Date "1995.??.??"]
[Round "6"]
[White "Makarov, Marat"]
[Black "Zaitsev, Vadim"]
[Result "1-0"]
[WhiteElo "2525"]
[BlackElo "2350"]

1.Nf3 Nf6 2.c4 g6 3.d4 Bg7 4.g3 O-O 5.Bg2 d6 6.O-O a6 7.Nc3 Nc6 8.b3 Rb8
9.e3 b5 10.Nd2 Bd7 11.Qe2 Na7 12.Bb2 c6 13.h3 Qc8 14.Kh2 c5 15.d5 e5 16.dxe6 fxe6
17.Nce4 Ne8 18.Bxg7 Kxg7 19.Qd3 Qc7 20.Rad1 Bc6 21.Nf3 Bxe4 22.Qxe4 Qe7 23.Qd3 Nc8
24.a3 Nf6 25.b4 cxb4 26.axb4 bxc4 27.Qxc4 Nb6 28.Qxa6 Nbd5 29.Nd4 Nxb4 30.Qc4 d5
31.Qc7 Kf7 32.Rc1 Rb7 33.Qa5 Rfb8 34.Nc6 Nxc6 35.Rxc6 Ra7 36.Qc3 Ra3 37.Qe5 Nd7
38.Qf4+ Kg7 39.Qd4+ Nf6 40.Qe5 Rd8 41.Rxe6 Qf8 42.Re7+ Kh8 43.Rb1 Ra6 44.Rbb7 Rdd6
45.Rf7 Qd8 46.Rxh7+  1-0

[Event "Krasnodar"]
[Site "Krasnodar"]
[Date "1995.??.??"]
[Round "2"]
[White "Tregubov, Pavel V"]
[Black "Nadyrhanov, S."]
[Result "1/2-1/2"]
[WhiteElo "2515"]
[BlackElo "2470"]

1.d4 Nf6 2.c4 g6 3.Nf3 Bg7 4.g3 O-O 5.Bg2 d6 6.O-O Nbd7 7.Nc3 e5 8.e4 exd4
9.Nxd4 Re8 10.h3 Nc5 11.Re1 Bd7 12.Rb1 a6 13.f3 Rb8 14.Be3 b5 15.cxb5 axb5
16.b4 Ne6 17.Qd2 Nxd4 18.Bxd4 Qc8 19.Rbc1 c5 20.Ne2 Bxh3 21.bxc5 Bxg2 22.Kxg2 dxc5
23.Rxc5 Qb7 24.Qf4 Qa6 25.Bxf6 Qxf6 26.Qxf6 Bxf6 27.Nf4 Rec8 28.Rec1 Rxc5
29.Rxc5 Bd4 30.Rc2 b4 31.Rc4 Bc3 32.Nd5 Ra8 33.Nxc3  1/2-1/2

[Event "Kuopio op1"]
[Site "Kuopio"]
[Date "1995.??.??"]
[Round "?"]
[White "Skomorokhin, Roman"]
[Black "Sepp, Olav"]
[Result "1/2-1/2"]
[WhiteElo "2465"]
[BlackElo "2460"]

1.d4 Nf6 2.c4 g6 3.Nf3 Bg7 4.g3 O-O 5.Bg2 d6 6.O-O c6 7.Nc3 Qa5 8.h3 Be6
9.Nd2 Qa6 10.d5 Bd7 11.e4 e5 12.b4 cxd5 13.cxd5 Rc8 14.Qb3 Qd3 15.Ndb1 Qc4
16.Qb2 Na6 17.a3 Nc7 18.Nd2 Qd3 19.Rd1 Nce8 20.Ndb1 Qc4 21.Be3 h5 22.Rc1 Qc7
23.Nd2 Qd8 24.a4 Nh7 25.Nb3 f5 26.Qe2 h4 27.g4 fxg4 28.hxg4 h3 29.Bxh3 Qh4
30.Bg2 Bxg4 31.f3 Bd7 32.Qf2 Qh5 33.Ne2 Ng5 34.Ng3 Qh4 35.b5 Bh6 36.Nf1 Qh5
37.Na5 Bh3 38.Ng3 Qh4 39.Nf1 Qh5 40.Ng3 Qh4 41.Nf1 Qh5  1/2-1/2

[Event "Clarin op"]
[Site "La Carlota"]
[Date "1995.??.??"]
[Round "7"]
[White "Ricardi, Pablo"]
[Black "Servat, Roberto"]
[Result "1-0"]
[WhiteElo "2545"]
[BlackElo "2450"]

1.d4 Nf6 2.c4 g6 3.Nf3 Bg7 4.g3 O-O 5.Bg2 d6 6.Nc3 Nc6 7.O-O e5 8.d5 Ne7
9.c5 Ne8 10.cxd6 cxd6 11.e4 h6 12.Ne1 f5 13.Nd3 Nf6 14.Qb3 Kh7 15.f3 g5 16.Bd2 f4
17.Rac1 Ng6 18.Nf2 h5 19.Nb5 Rf7 20.Qa3 Ne8 21.Ba5 Qf6 22.Bh3 Bxh3 23.Nxh3 fxg3
24.hxg3 h4 25.Bd2 Bh6 26.g4 Nf4 27.Bxf4 exf4 28.Qd3 Qe5 29.Nd4 Nf6 30.Rc2 Nd7
31.Rc7 Kg6 32.Rc4 Bg7 33.Nf5 Bf6 34.Nxd6 Rff8 35.Rf2 Nb6 36.Rc3 Qd4 37.Qc2 Be5
38.Nxb7 Rac8 39.Rc6+ Rxc6 40.Qxc6+ Bf6 41.Nd6  1-0

[Event "La Coruna TH op"]
[Site "La Coruna"]
[Date "1995.??.??"]
[Round "5"]
[White "Paunovic, Dragan"]
[Black "Romero Holmes, Alfonso"]
[Result "0-1"]
[WhiteElo "2460"]
[BlackElo "2435"]

1.Nf3 Nf6 2.c4 g6 3.g3 Bg7 4.Bg2 d6 5.d4 O-O 6.O-O Nc6 7.Nc3 a6 8.Bd2 e5
9.d5 Nd4 10.Ne1 Qe7 11.e3 Nf5 12.Nd3 e4 13.Nf4 h5 14.Rc1 Nh6 15.Qc2 Bf5 16.Nfe2 g5
17.Nd4 Bg6 18.b4 Nhg4 19.Rfd1 Ne5 20.Nxe4 Nxe4 21.Bxe4 Nf3+ 22.Bxf3 Bxc2
23.Nxc2 g4 24.Bg2 Bb2 25.Rb1 Be5 26.Ne1 Qd7 27.Nd3 Rfe8 28.Nxe5 Rxe5 29.Bc3 Rae8
30.Bxe5 Rxe5 31.b5 b6 32.Rd4 a5 33.Rf4 Rf5 34.Rd4 Rxf2 35.Kxf2 Qf5+ 36.Ke2 Qxb1
37.Rd2 Qg1 38.Kd3 Qxh2  0-1